Southville International School and Colleges
Your cart is empty.
  • Cart
  • Lists
    Public lists Eva Luna New books Lux_list list_1
    Your lists Log in to create your own lists
  • Log in to your account
  • Your cookies
  • Search history
Southville International School and Colleges
  • Advanced search
  • Recent comments
  • Most popular
  • Libraries

Log in to your account

Log in with GOOGLE


If you do not have an external account, but do have a local account, you can still log in:

  1. Home
  2. MARC view: The duckling gets a cookie!?
Normal view MARC view ISBD view

The duckling gets a cookie!? (Record no. 365065)

[ view plain ]
MARC details
000 -LEADER
fixed length control field 00434nam a22001577a 4500
003 - CONTROL NUMBER IDENTIFIER
control field 0
005 - DATE AND TIME OF LATEST TRANSACTION
control field 20230620145316.0
008 - FIXED-LENGTH DATA ELEMENTS--GENERAL INFORMATION
fixed length control field 230620b xxu||||| |||| 00| 0 eng d
020 ## - INTERNATIONAL STANDARD BOOK NUMBER
International Standard Book Number 978-0-545-81671-7
082 ## - DEWEY DECIMAL CLASSIFICATION NUMBER
Classification number ER
Item number .Wi699 2012
245 ## - TITLE STATEMENT
Title The duckling gets a cookie!?
Statement of responsibility, etc Willems, Mo
260 ## - PUBLICATION, DISTRIBUTION, ETC. (IMPRINT)
Place of publication, distribution, etc New York
Name of publisher, distributor, etc Scholastic, Inc.
Date of publication, distribution, etc c2012
300 ## - PHYSICAL DESCRIPTION
Extent unpaged
Other physical details col. ill.
Dimensions 23cm.
500 ## - GENERAL NOTE
General note Children's stories.
942 ## - ADDED ENTRY ELEMENTS (KOHA)
Source of classification or shelving scheme Dewey Decimal Classification
Koha item type Easy Reading
Holdings
Withdrawn status Lost status Source of classification or shelving scheme Damaged status Home library Current library Shelving location Date acquired Source of acquisition Sub Shelving location Total Checkouts Full call number Barcode Date last seen Price effective from Koha item type
    Dewey Decimal Classification   Munich Library Munich Library Easy Reading Section 06/20/2023 Library Fund     ER Wi699 2012 M8095 06/20/2023 06/20/2023 Easy Reading

The duckling gets a cookie!?

APA

(2012). The duckling gets a cookie!?. New York: Scholastic, Inc.

Chicago

2012. The duckling gets a cookie!?. New York: Scholastic, Inc.

Harvard

(2012). The duckling gets a cookie!?. New York: Scholastic, Inc.

MLA

The duckling gets a cookie!?. New York: Scholastic, Inc. 2012.

  • Place hold
  • Print
  • Cite
  • Add to your cart (remove)
  • Save record
    BIBTEX Dublin Core MARCXML MARC (non-Unicode/MARC-8) MARC (Unicode/UTF-8) MARC (Unicode/UTF-8, Standard) MODS (XML) RIS
  • More searches
    Search for this title in:
    Other Libraries (WorldCat) Other Databases (Google Scholar) Online Stores (Bookfinder.com) Open Library (openlibrary.org)

Exporting to Dublin Core...

SOUTHVILLE LIBRARY

Southville International School and Colleges Library

1281 Tropical Ave. Cor. Luxembourg St., BF Homes International, Las Pinas City

Tel. No. 8256374 / 252358 Loc. 117/146

Powered by Koha